Inner Mongolia Province Quiz - Statistics

General Stats
  • This quiz has been taken 88 times
  • The average score is 8 of 11
Answer Stats
Hint Answer % Correct
Bordering country, other than Mongolia Russia
97%
This founder of the Mongolian Empire is worshipped as a deity in folk religion Genghis Khan
90%
A large part of this historic fortification runs through Inner Mongolia Great Wall
90%
Parts of Inner Mongolia belonged to this northeastern puppet state 1931-45 Manchukuo
80%
Empire that established mentioned puppet state Japan
79%
Major river Yellow River
79%
The region enjoyed China's highest GDP growth rate since the reforms of this leader beginning in 1979 Deng Xiaoping
69%
There are tens of thousands of empty ______ in a planned district of Ordos Apartments
67%
Summer capital of the Yuan Dynasty (hints: Colerdige poem, Citizen Kane mansion) Xanadu
64%
In mentioned city did ____ ____ a stately pleasure-dome decree... Kublai Khan
59%
Think hard: what was Mongolia's name when it was governed by China during the Qin dynasty? Outer Mongolia
49%
No matching quizzes found
Score Distribution
Percent of People with Each Score
Percentile by Number Answered
Your Score History
You have not taken this quiz